Demográfiai helyzetjelentés a mai Magyarországról

Elmentve itt :
Bibliográfiai részletek
Szerző: Botos Mónika
További közreműködők: Hekáné Szondi Ildikó (Témavezető)
Dokumentumtípus: Szakdolgozat
Megjelent: 2016
Tárgyszavak:
Law
Online Access:http://diploma.bibl.u-szeged.hu/132998
LEADER 00773nta a2200217 i 4500
001 dipl132998
005 20230302084014.0
008 230302s2016 hu om 0|| hun d
040 |a SZTE Diploma Repozitórium  |b hun 
041 |a hun 
100 1 |a Botos Mónika 
245 1 0 |a Demográfiai helyzetjelentés a mai Magyarországról  |h [elektronikus dokumentum] /  |c Mónika Botos 
246 1 0 |a Demographic situation report in Hungary of these days  |h [elektronikus dokumentum] 
260 |c 2016 
650 4 |a Jogi és igazgatási tanulmányok 
650 4 |a Social sciences 
650 4 |a Sociology 
650 4 |a Demography 
650 4 |a Law 
700 2 |a Hekáné Szondi Ildikó  |e ths 
856 4 0 |u https://diploma.bibl.u-szeged.hu/id/eprint/132998/1/2016_botos_monika.pdf  |z Dokumentum-elérés